Stock buildings (Record no. 73295)

MARC details
000 -LEADER
fixed length control field 00820cam a2200253 4500
001 - CONTROL NUMBER
control field ABS67022
008 - FIXED-LENGTH DATA ELEMENTS--GENERAL INFORMATION
fixed length control field 030828n2003 000 0 eng u
035 ## - SYSTEM CONTROL NUMBER
System control number (Sirsi) u123394
100 ## - MAIN ENTRY--PERSONAL NAME
Personal name Short, W.
245 ## - TITLE STATEMENT
Title Stock buildings
260 ## - PUBLICATION, DISTRIBUTION, ETC.
Date of publication, distribution, etc. 2003
490 ## - SERIES STATEMENT
Series statement Farmers' Weekly
Volume/sequential designation 139(5) 1 August 2003, 52-53(2)
520 ## - SUMMARY, ETC.
Summary, etc. A livestock buildings special that examines why wood is the housing material of choice for milk cows and the control of slurry store costs by diverting water.
590 ## - LOCAL NOTE (RLIN)
Local note ABS
650 ## - SUBJECT ADDED ENTRY--TOPICAL TERM
Topical term or geographic name entry element LIVESTOCK BUILDINGS
650 ## - SUBJECT ADDED ENTRY--TOPICAL TERM
Topical term or geographic name entry element PROPERTY-RURAL AND NATURAL ASSETS-AGRICULTURAL PROPERTY-LIVESTOCK
650 ## - SUBJECT ADDED ENTRY--TOPICAL TERM
Topical term or geographic name entry element SLURRY
650 ## - SUBJECT ADDED ENTRY--TOPICAL TERM
Topical term or geographic name entry element NITRATE VULNERABLE ZONES
650 ## - SUBJECT ADDED ENTRY--TOPICAL TERM
Topical term or geographic name entry element WOOD
690 ## - LOCAL SUBJECT ADDED ENTRY--TOPICAL TERM (OCLC, RLIN)
Topical term or geographic name as entry element RURAL-AGRICULTURE AND FORESTRY
700 ## - ADDED ENTRY--PERSONAL NAME
Personal name Long, J.
700 ## - ADDED ENTRY--PERSONAL NAME
Personal name Allison, R.
942 ## - ADDED ENTRY ELEMENTS (KOHA)
Suppress in OPAC 0
Holdings
Withdrawn status Lost status Source of classification or shelving scheme Damaged status Not for loan Home library Current library Shelving location Date acquired Total Checkouts Full call number Barcode Date last seen Copy number Price effective from Koha item type
    Dewey Decimal Classification     London London RICS Boxes 28/08/2003   ABS67022 123394-1001 06/08/2019 1 06/08/2019 Journal article